000 01092nam a22002537a 4500
005 20240530110555.0
008 160229s2013 ua g b 000 0 ara d
017 _a2012/23114
_bمصر . دار الكتب المصرية
020 _a9789774312545
040 _aEG-CaGPL
082 0 4 _221
_a371.07\
_bط ق
100 0 _aطارق عبدالرؤوف
245 1 2 _aالقيم التربوية و الاخلاقية :
_bمفهومها - اسسها - مصادرها /
_cطارق عبدالرؤوف ، ايهاب عيسى المصرى ؛ تقديم صيق محمد عفيفى
250 _aط1
260 _aالقاهرة :
_bمؤسسة طيبة للنشر و التوزيع ،
_c2013 .
300 _a265 ص ؛
_c24 سم .
504 _aيشتمل على ارجاعات ببليوجرافية
650 0 4 _aالتربية الاسلامية
650 0 4 _aالاخلاق الاسلامية
700 0 _aايهاب عيسى المصرى
_eمؤلف مشارك
700 0 _aصيق محمد عفيفى
_eمقدم
942 _2ddc
_cBK
999 _c62553
_d62553